[Event "CZE-chT2B 2223"]
[Site "Czech Republic"]
[Date "2023.02.05"]
[Round "8.5"]
[White "Bicek, Richard"]
[Black "Pakina, Varvara"]
[Result "1-0"]
[WhiteElo "2144"]
[BlackElo "1780"]
[PlyCount "113"]
[EventDate "2022.10.16"]
[EventType "team-tourn"]
[EventRounds "11"]
[EventCountry "CZE"]
[SourceTitle "EXT 2024"]
[Source "ChessBase"]
[SourceDate "2023.10.10"]
[SourceVersion "1"]
[SourceVersionDate "2023.10.10"]
[SourceQuality "1"]
[WhiteTeam "Karlovy Vary Tietz"]
[BlackTeam "Karlovy Vary"]
[WhiteTeamCountry "CZE"]
[BlackTeamCountry "CZE"]

1. e4 c5 2. Nc3 Nc6 3. f4 d6 4. Nf3 g6 5. Bb5 Bd7 6. Bxc6 Bxc6 7. d3 Bg7 8. 0-0 e6 9. Qe1 Ne7 10. Qh4 Qd7 11. Bd2 b5 12. Rae1 b4 13. Nd1 0-0-0 14. c3 a5 15. Nf2 Bb7 16. Rc1 Kb8 17. Be3 Rc8 18. Rfd1 f5 19. Nd2 d5 20. Nb3 d4 21. cxd4 cxd4 22. Bd2 Nc6 23. Nc5 Qf7 24. a3 Bf8 25. axb4 axb4 26. Nxb7 Kxb7 27. Qg3 Bd6 28. e5 Bb8 29. Qf3 Kb6 30. Rc4 b3 31. Rdc1 Qd7 32. Qd1 Na7 33. Qxb3+ Nb5 34. Qb4 Ba7 35. Qa5+ Kb7 36. Rb4 Rxc1+ 37. Bxc1 Rc8 38. Rxb5+ Ka8 39. Bd2 Rc2 40. Rb3 Qc8 41. h3 Rc1+ 42. Kh2 Rc2 43. Kg3 h6 44. Bb4 g5 45. Bd6 gxf4+ 46. Kh2 Rxf2 47. Rb8+ Qxb8 48. Bxb8 Kxb8 49. Qd8+ Kb7 50. Qd7+ Kb8 51. Qxe6 f3 52. Kg3 Rxg2+ 53. Kxf3 Rxb2 54. Qe8+ Kb7 55. Qd7+ Ka6 56. e6 Rb7 57. Qd6+ 1-0

[Event "CZE-chT2B 2223"]
[Site "Czech Republic"]
[Date "2022.12.04"]
[Round "4.5"]
[White "Vondra, Zbynek"]
[Black "Pakina, Varvara"]
[Result "0-1"]
[WhiteElo "2087"]
[BlackElo "1700"]
[PlyCount "68"]
[EventDate "2022.10.16"]
[EventType "team-tourn"]
[EventRounds "11"]
[EventCountry "CZE"]
[SourceTitle "EXT 2024"]
[Source "ChessBase"]
[SourceDate "2023.10.10"]
[SourceVersion "1"]
[SourceVersionDate "2023.10.10"]
[SourceQuality "1"]
[WhiteTeam "Kladno"]
[BlackTeam "Karlovy Vary"]
[WhiteTeamCountry "CZE"]
[BlackTeamCountry "CZE"]

1. d4 Nf6 2. Bg5 e6 3. e4 h6 4. Bxf6 Qxf6 5. Nf3 d5 6. e5 Qd8 7. c4 Bb4+ 8. Nc3 0-0 9. a3 Be7 10. Bd3 dxc4 11. Bxc4 c6 12. Qe2 Nd7 13. 0-0 b5 14. Bd3 Qb6 15. Qe4 g6 16. h4 h5 17. g4 hxg4 18. Qxg4 Kg7 19. Ne4 Rh8 20. Qf4 Qd8 21. Neg5 Qe8 22. Rac1 Bb7 23. d5 cxd5 24. Rc7 Ba6 25. Rxd7 Bxg5 26. Nxg5 Qxd7 27. Qf6+ Kg8 28. Bxg6 fxg6 29. Qxg6+ Qg7 30. Qxe6+ Kf8 31. Qxd5 Bb7 32. Qd6+ Qe7 33. Ne6+ Kf7 34. Ng5+ Qxg5+ 0-1

[Event "CZE-chT2B 2223"]
[Site "Czech Republic"]
[Date "2022.11.20"]
[Round "3.5"]
[White "Pakina, Varvara"]
[Black "Micanek, Tomas"]
[Result "0-1"]
[WhiteElo "1638"]
[BlackElo "2106"]
[PlyCount "76"]
[EventDate "2022.10.16"]
[EventType "team-tourn"]
[EventRounds "11"]
[EventCountry "CZE"]
[SourceTitle "EXT 2024"]
[Source "ChessBase"]
[SourceDate "2023.10.10"]
[SourceVersion "1"]
[SourceVersionDate "2023.10.10"]
[SourceQuality "1"]
[WhiteTeam "Karlovy Vary"]
[BlackTeam "Bohemians"]
[WhiteTeamCountry "CZE"]
[BlackTeamCountry "CZE"]

1. e4 c5 2. Nf3 Nc6 3. Bb5 g6 4. Bxc6 dxc6 5. 0-0 Bg7 6. c3 Nf6 7. Re1 0-0 8. h3 Qb6 9. Na3 Rd8 10. Qe2 Qc7 11. d4 cxd4 12. cxd4 Nd7 13. e5 Nb6 14. Bf4 Be6 15. Bg3 Qd7 16. Red1 h6 17. b3 Rac8 18. Rac1 c5 19. Kh2 cxd4 20. Rxc8 Qxc8 21. Nxd4 Bd5 22. Qe3 Qc5 23. Nab5 a6 24. Rc1 Bc4 25. bxc4 Nxc4 26. Ne6 Qxb5 27. Rxc4 fxe6 28. Rc7 Rd1 29. Rxe7 Qb1 30. Bf4 g5 31. Bxg5 Rh1+ 32. Kg3 Qg6 33. Rxb7 hxg5 34. Rb8+ Kh7 35. Qe2 Kh6 36. Rc8 Qf5 37. f3 Bxe5+ 38. Kf2 Bd4+ 0-1